Inmigración y exilio : (Registro nro. 63204)
[ vista simple ]
| 000 -LEADER | |
|---|---|
| fixed length control field | 00998cam a2200289 i 4500 |
| 001 - CONTROL NUMBER | |
| control field | 63204 |
| 003 - CONTROL NUMBER IDENTIFIER | |
| control field | Mx-PuUPA |
| 005 - DATE AND TIME OF LATEST TRANSACTION | |
| control field | 20250422130444.0 |
| 008 - FIXED-LENGTH DATA ELEMENTS--GENERAL INFORMATION | |
| fixed length control field | 140415s1997 mx gr 001 0 spa d |
| 020 ## - INTERNATIONAL STANDARD BOOK NUMBER | |
| International Standard Book Number | 968232064X |
| 040 ## - CATALOGING SOURCE | |
| Original cataloging agency | Mx-PuUPA |
| Language of cataloging | spa |
| Transcribing agency | Mx-PuUPA |
| Modifying agency | Mx-PuUPA |
| Description conventions | rda |
| 041 0# - LANGUAGE CODE | |
| Language code of text/sound track or separate title | spa |
| 100 1# - MAIN ENTRY--PERSONAL NAME | |
| Personal name | Lida, Clara E., |
| Fuller form of name | (Clara Eugenia) |
| Relator term | autor |
| 9 (RLIN) | 3997 |
| 245 10 - TITLE STATEMENT | |
| Title | Inmigración y exilio : |
| Remainder of title | reflexiones sobre el caso español / |
| Statement of responsibility, etc. | por Clara E. Lida. |
| 250 ## - EDITION STATEMENT | |
| Edition statement | Primera edición |
| 264 #1 - PRODUCTION, PUBLICATION, DISTRIBUTION, MANUFACTURE, AND COPYRIGHT NOTICE | |
| Place of production, publication, distribution, manufacture | México, D.F. : |
| Name of producer, publisher, distributor, manufacturer | Siglo XXI Editores, |
| Date of production, publication, distribution, manufacture, or copyright notice | 1997 |
| 300 ## - PHYSICAL DESCRIPTION | |
| Extent | 174 páginas : |
| Other physical details | gráficas, tablas ; |
| Dimensions | 21 cm |
| 336 ## - CONTENT TYPE | |
| Content type term | texto |
| Fuente | rdacontent |
| Content type code | txt |
| 337 ## - MEDIA TYPE | |
| Media type term | sin medio |
| Source | rdamedia |
| Media type code | n |
| 338 ## - CARRIER TYPE | |
| Carrier type term | volumen |
| Source | rdacarrier |
| Carrier type code | nc |
| 490 0# - SERIES STATEMENT | |
| Series statement | Historia |
| 650 #7 - SUBJECT ADDED ENTRY--TOPICAL TERM | |
| Topical term or geographic name entry element | Migrantes españoles |
| Geographic subdivision | México |
| General subdivision | Condiciones sociales y culturales |
| Source of heading or term | armarc |
| 650 #7 - SUBJECT ADDED ENTRY--TOPICAL TERM | |
| Topical term or geographic name entry element | Exilio español en México |
| Source of heading or term | armarc |
| 942 ## - ADDED ENTRY ELEMENTS (KOHA) | |
| Source of classification or shelving scheme | Dewey Decimal Classification |
| Koha item type | Libro |
| Classification part | 304.872046 |
| Item part | L712 |
| Withdrawn status | Lost status | Source of classification or shelving scheme | Damaged status | Not for loan | Collection code | Home library | Current library | Shelving location | Date acquired | Source of acquisition | Total Checkouts | Full call number | Barcode | Date last seen | Price effective from | Koha item type | Date last checked out |
|---|---|---|---|---|---|---|---|---|---|---|---|---|---|---|---|---|---|
| Dewey Decimal Classification | General | Biblioteca Karol Wojtyla | Biblioteca Karol Wojtyla | Sala general | 03/04/2017 | Compra | 3 | 304.872046 LID 1997 | 96762 | 05/01/2026 | 03/04/2017 | Libro | 03/03/2020 | ||||
| Dewey Decimal Classification | General | Tehuacán | Tehuacán | Sala general | 11/07/2015 | Compra | 304.872046 L712 1997 | 968000001514 | 08/01/2025 | 11/07/2015 | Libro |